Feasibility study for Ca Mau province; vol.2b: Ethnic minorities development plan
Saved in:
| Main Author: | |
|---|---|
| Format: | Book |
| Language: | Undetermined |
| Published: |
Washington DC
The World Bank
2004
|
| Tags: |
Add Tag
No Tags, Be the first to tag this record!
|
| Institutions: | Trung tâm Học liệu Trường Đại học Cần Thơ |
|---|
| LEADER | 00507nam a2200169Ia 4500 | ||
|---|---|---|---|
| 001 | CTU_62745 | ||
| 008 | 210402s9999 xx 000 0 und d | ||
| 082 | |a 305.8089 | ||
| 082 | |b M665cm | ||
| 100 | |a Ministry of industry | ||
| 245 | 0 | |a Feasibility study for Ca Mau province; vol.2b: Ethnic minorities development plan | |
| 245 | 0 | |c Ministry of industry | |
| 260 | |a Washington DC | ||
| 260 | |b The World Bank | ||
| 260 | |c 2004 | ||
| 904 | |i Minh | ||
| 980 | |a Trung tâm Học liệu Trường Đại học Cần Thơ | ||